|
|
|
|
| LEADER |
00000cam a2200000 7i4500 |
| 001 |
0000025275 |
| 005 |
20090217.0 |
| 008 |
090217 |
| 020 |
|
|
|a 9836291644
|
| 090 |
0 |
0 |
|a 928.9923
|b ZUR
|
| 100 |
0 |
|
|a Zurinah Hassan
|
| 245 |
1 |
0 |
|a Sasterawan negara Usman Awang
|c Zurinah Hassan
|
| 250 |
|
|
|a Edisi kedua
|
| 260 |
|
|
|a Kuala Lumpur :
|b Dewan Bahasa dan Pustaka ,
|c 2005
|
| 650 |
|
0 |
|a Authors, Malay
|z Malaysia
|x Biography
|
| 650 |
|
0 |
|a Usman Awang, Datuk, 1929-2001
|
| 999 |
|
|
|a 0000150063
|b Book
|c Adult Collection
|e Cawangan Muar
|
| 999 |
|
|
|a 0001039387
|b Book
|c Adult Collection
|e Perbadanan Perpustakaan Awam Johor
|